|
|
|
|
| LEADER |
00000nam0a2200000 4500 |
| 001 |
276451 |
| 005 |
20231101234924.0 |
| 035 |
|
|
|a (RuTPU)RU\TPU\book\299723
|
| 090 |
|
|
|a 276451
|
| 100 |
|
|
|a 20141122d1984 k y0rusy50 ca
|
| 101 |
0 |
|
|a rus
|
| 102 |
|
|
|a RU
|
| 105 |
|
|
|a a z 001zy
|
| 200 |
1 |
|
|a Основы технологии смешения полимеров
|e [монография]
|f В. В. Богданов, В. И. Метелкин, С. Г. Савватеев
|g под ред. В. Н. Красовского
|
| 210 |
|
|
|a Ленинград
|c Изд-во Ленинградского ун-та
|d 1984
|
| 215 |
|
|
|a 192 с.
|c ил.
|
| 320 |
|
|
|a Библиогр.: с. 181-191
|
| 606 |
1 |
|
|a Полимеры
|x Смешение
|2 stltpush
|3 (RuTPU)RU\TPU\subj\68296
|9 83724
|
| 610 |
1 |
|
|a технология
|
| 610 |
1 |
|
|a анализ
|
| 610 |
1 |
|
|a системный подход
|
| 610 |
1 |
|
|a качественный анализ
|
| 610 |
1 |
|
|a количественное описание
|
| 610 |
1 |
|
|a оценка
|
| 610 |
1 |
|
|a технологические режимы
|
| 610 |
1 |
|
|a интенсификация
|
| 610 |
1 |
|
|a смесительное оборудование
|
| 675 |
|
|
|a 678.02
|v 3
|
| 700 |
|
1 |
|a Богданов
|b В. В.
|g Валерий владимирович
|
| 701 |
|
1 |
|a Метелкин
|b В. И.
|g Виктор Иванович
|
| 701 |
|
1 |
|a Савватеев
|b С. Г.
|g Сергей Гаврилович
|
| 702 |
|
1 |
|a Красовский
|b В. Н.
|4 340
|
| 801 |
|
1 |
|a RU
|b 63413507
|c 20141122
|
| 801 |
|
2 |
|a RU
|b 63413507
|c 20170404
|g RCR
|
| 942 |
|
|
|c BK
|